[Event "4NCL Division 4 South"]
[Site "Daventry, ENG"]
[Date "2019.02.10"]
[Round "6.123"]
[White "Beckett, Richard"]
[Black "Tarr, Steve F"]
[Result "1-0"]
[WhiteElo "1615"]
[BlackElo "1757"]
[PlyCount "65"]
[EventDate "2019.02.10"]
[WhiteTeam "Oxford 4"]
[BlackTeam "Shropshire 3"]

1. e4 c5 2. Nf3 d6 3. d4 cxd4 4. Nxd4 Nf6 5. Nc3 g6 6. Be3 Bg7 7. Bc4 O-O 8. f3
Nc6 9. Qd2 Bd7 10. O-O-O Rc8 11. Bb3 Na5 12. h4 h5 13. Bg5 Nc4 14. Bxc4 Rxc4
15. Qe2 Qc8 16. Bxf6 Bxf6 17. Nd5 Kg7 18. Nxf6 Kxf6 19. g4 Rh8 20. e5+ dxe5 21.
g5+ Kg7 22. Qxe5+ Kg8 23. Qxe7 Qc7 24. Kb1 Ba4 25. Qxc7 Rxc7 26. b3 Bd7 27.
Rhe1 Kg7 28. Re7 Rhc8 29. c4 a5 30. Kb2 a4 31. bxa4 Bxa4 32. Ne6+ Kg8 33. Rxc7
1-0

[Event "4NCL Division 4 South"]
[Site "Daventry, ENG"]
[Date "2019.02.10"]
[Round "6.124"]
[White "Morrison, Munroe L"]
[Black "Burcham, Tony"]
[Result "1/2-1/2"]
[WhiteElo "1675"]
[BlackElo "1644"]
[PlyCount "30"]
[EventDate "2019.02.10"]
[WhiteTeam "Shropshire 3"]
[BlackTeam "Oxford 4"]

1. e4 e6 2. d4 d5 3. Nd2 Nf6 4. Bd3 c5 5. c3 Nc6 6. Ngf3 cxd4 7. cxd4 dxe4 8.
Nxe4 Nxe4 9. Bxe4 Bb4+ 10. Bd2 Bxd2+ 11. Qxd2 Bd7 12. O-O O-O 13. d5 exd5 14.
Bxd5 Be6 15. Bxe6 fxe6 1/2-1/2

[Event "4NCL Division 4 South"]
[Site "Daventry, ENG"]
[Date "2019.02.10"]
[Round "6.125"]
[White "Dumitrescu, George-Mihai"]
[Black "Ross, Stuart"]
[Result "1-0"]
[WhiteElo "1598"]
[BlackElo "1727"]
[PlyCount "43"]
[EventDate "2019.02.10"]
[WhiteTeam "Oxford 4"]
[BlackTeam "Shropshire 3"]

1. d4 Nf6 2. Nf3 e6 3. e3 b6 4. Bd3 Bb7 5. Nbd2 c5 6. c3 Be7 7. Qe2 O-O 8. O-O
d5 9. dxc5 Bxc5 10. e4 dxe4 11. Nxe4 Be7 12. Bf4 Nxe4 13. Bxe4 Bxe4 14. Qxe4
Nd7 15. Rad1 Nf6 16. Qb7 Qe8 17. Bg5 Nd5 18. Rxd5 Bxg5 19. Rxg5 Qa4 20. a3 Qc2
21. Nd4 Qd2 22. Nxe6 1-0

[Event "4NCL Division 4 South"]
[Site "Daventry, ENG"]
[Date "2019.02.10"]
[Round "6.126"]
[White "Bowcott-Terry, Silas"]
[Black "Matilal, Tamal"]
[Result "1-0"]
[WhiteElo "1450"]
[BlackElo "1447"]
[PlyCount "119"]
[EventDate "2019.02.10"]
[WhiteTeam "Shropshire 3"]
[BlackTeam "Oxford 4"]

1. d4 g6 2. Bf4 Bg7 3. Nc3 d6 4. Nf3 Bg4 5. e3 Nd7 6. h3 Bxf3 7. Qxf3 c6 8. Bd3
e5 9. dxe5 dxe5 10. Bg3 Ngf6 11. Ne4 Nxe4 12. Bxe4 f5 13. Bd3 O-O 14. Bc4+ Kh8
15. O-O-O Qe7 16. h4 Nb6 17. Bb3 Qf6 18. Qe2 a5 19. h5 a4 20. Bc4 a3 21. b3 e4
22. Rd4 Bh6 23. hxg6 Qxd4 24. Rxh6 Qb2+ 25. Kd2 Nxc4+ 26. Qxc4 Rad8+ 27. Ke2
Kg7 28. Rxh7+ Kxg6 29. Rxb7 Qc1 30. Qxc6+ Rf6 31. Rg7+ Kxg7 32. Qc7+ Kg6 33.
Qxd8 Qxc2+ 34. Qd2 Rc6 35. Be5 Rc5 36. Bd4 Rc6 37. Be5 Rc5 38. Bd4 Rc6 39. Be5
Qc1 40. Qxc1 Rxc1 41. Kd2 Rg1 42. g3 Kg5 43. b4 Rb1 44. Kc2 Rxb4 45. Bc3 Rb7
46. Be5 Kg4 47. Ba1 Kf3 48. Kd2 Kxf2 49. Be5 Rb2+ 50. Bxb2 axb2 51. Kc2 b1=Q+
52. Kxb1 Kxe3 53. Kc2 Kd4 54. Kd2 Kc4 55. Ke3 Kc3 56. Ke2 Kb2 57. a4 Kc3 58. a5
Kd4 59. a6 Ke5 60. a7 1-0

[Event "4NCL Division 4 South"]
[Site "Daventry, ENG"]
[Date "2019.02.10"]
[Round "6.131"]
[White "Cannon, Richard J"]
[Black "Kesterson, Kennan"]
[Result "1-0"]
[WhiteElo "2010"]
[BlackElo "1892"]
[PlyCount "95"]
[EventDate "2019.02.10"]
[WhiteTeam "Rook & Roll"]
[BlackTeam "Barnet Knights 2"]

1. e4 e6 2. Nf3 d5 3. Nc3 Nf6 4. e5 Nfd7 5. d4 c5 6. dxc5 Bxc5 7. Bd3 Nc6 8.
Bf4 f6 9. exf6 Nxf6 10. Qe2 a6 11. O-O-O Bd6 12. Ne5 Qc7 13. Rhe1 Nxe5 14. Bxe5
Bxe5 15. Qxe5 Qxe5 16. Rxe5 Ng4 17. Re2 O-O 18. f3 Nf6 19. Na4 Kf7 20. Rde1 Re8
21. Nb6 Rb8 22. g4 h6 23. h4 g5 24. hxg5 hxg5 25. Re5 Rg8 26. Nxc8 Rbxc8 27.
Rxe6 Rge8 28. Bf5 Rcd8 29. a4 Rxe6 30. Rxe6 Re8 31. Rb6 Rb8 32. a5 Ke7 33. b4
d4 34. Re6+ Kf7 35. Rd6 Ke7 36. Rxd4 Rd8 37. Rxd8 Kxd8 38. c4 Kc7 39. Kd2 Kc6
40. Ke3 b6 41. axb6 Kxb6 42. f4 gxf4+ 43. Kxf4 a5 44. bxa5+ Kxa5 45. Ke5 Ng8
46. Ke6 Kb4 47. g5 Kxc4 48. Kf7 1-0

[Event "4NCL Division 4 South"]
[Site "Daventry, ENG"]
[Date "2019.02.10"]
[Round "6.132"]
[White "Gilmore, Samuel"]
[Black "Kamath, Vikram"]
[Result "0-1"]
[WhiteElo "1810"]
[BlackElo "1767"]
[PlyCount "56"]
[EventDate "2019.02.10"]
[WhiteTeam "Barnet Knights 2"]
[BlackTeam "Rook & Roll"]

1. d4 Nf6 2. c4 g6 3. Nc3 Bg7 4. e4 d6 5. Be2 O-O 6. Be3 Nc6 7. g4 e5 8. d5 Nd4
9. g5 Nd7 10. Qd2 f5 11. gxf6 Qxf6 12. O-O-O Nc5 13. Kb1 a5 14. f4 Nxe2 15.
Ngxe2 b6 16. Bxc5 bxc5 17. Rhf1 Bd7 18. fxe5 Qxf1 19. Rxf1 Rxf1+ 20. Kc2 Bxe5
21. Qe3 Raf8 22. Qg5 R1f2 23. Kc1 Rxh2 24. Qg1 Bh3 25. Qg5 Rf1+ 26. Kc2 Bf6 27.
Qg3 Rff2 28. Qe3 Bg4 0-1

[Event "4NCL Division 4 South"]
[Site "Daventry, ENG"]
[Date "2019.02.10"]
[Round "6.133"]
[White "Sheikh, Nasarullah"]
[Black "Wolstenholme, Otis"]
[Result "1-0"]
[WhiteElo "1722"]
[BlackElo "1697"]
[PlyCount "75"]
[EventDate "2019.02.10"]
[WhiteTeam "Rook & Roll"]
[BlackTeam "Barnet Knights 2"]

1. e4 e6 2. d4 d5 3. Nd2 dxe4 4. Nxe4 Nd7 5. Bd3 Ngf6 6. Ng3 c5 7. Nf3 cxd4 8.
Nxd4 b6 9. Qf3 Rb8 10. Qe2 Bb7 11. O-O Be7 12. Bf4 Ra8 13. Rad1 O-O 14. c3 Nd5
15. Bc1 N5f6 16. Rfe1 Kh8 17. Bb1 Re8 18. h4 Qc8 19. h5 Nf8 20. Nf3 Qc6 21. Bd3
a6 22. Qf1 Qc7 23. Ne5 Bd6 24. f4 Bxe5 25. fxe5 Ng4 26. Qf4 Qc5+ 27. Be3 Nxe3
28. Rxe3 Rad8 29. h6 Ng6 30. hxg7+ Kxg7 31. Nh5+ Kf8 32. Qh6+ Ke7 33. Qg5+ Kf8
34. Kh2 Qc7 35. Rf1 Rd7 36. Nf6 Rxd3 37. Rxd3 Re7 38. Qh6# 1-0

[Event "4NCL Division 4 South"]
[Site "Daventry, ENG"]
[Date "2019.02.10"]
[Round "6.134"]
[White "Vaidya, Raghav"]
[Black "Aubury, Benjamin"]
[Result "1-0"]
[WhiteElo "1682"]
[BlackElo "1688"]
[PlyCount "169"]
[EventDate "2019.02.10"]
[WhiteTeam "Barnet Knights 2"]
[BlackTeam "Rook & Roll"]

1. e4 c6 2. d4 d5 3. exd5 cxd5 4. c4 Nf6 5. Nf3 g6 6. Nc3 Bg7 7. Bd3 O-O 8. O-O
Nc6 9. h3 Nb4 10. a3 Nxd3 11. Qxd3 Bf5 12. Qe2 dxc4 13. Qxc4 Rc8 14. Qe2 Re8
15. Be3 Qa5 16. Rfd1 Nd5 17. Bd2 Nxc3 18. Bxc3 Qd5 19. Re1 h5 20. Qe3 Rc6 21.
Ne5 Re6 22. Qf3 Qxf3 23. Nxf3 Rd6 24. Bb4 Rd7 25. Bc3 Rc8 26. Rad1 Bh6 27. Re2
Rcd8 28. Rde1 Bf8 29. Bb4 e6 30. Bxf8 Kxf8 31. Rc1 $11 Rd5 32. Re5 Ke7 33. Rc7+
R5d7 34. Rxd7+ Rxd7 35. Rc5 Be4 36. Nd2 Bc6 37. Rc4 e5 38. Nb3 Bd5 39. Rc3 Bxb3
40. Rxb3 exd4 41. Kf1 Ke6 42. Ke2 a6 43. Kd3 Ke5 44. Rb4 h4 45. Rc4 b6 46. Rc6
Rb7 47. Rc4 Rd7 48. Rc6 $11 Rb7 49. Rc4 g5 50. Rxd4 Rc7 51. Ra4 Rd7+ 52. Ke3 a5
53. Re4+ Kf5 54. Rd4 Re7+ 55. Kf3 Re6 56. Rd5+ Kg6 57. Rd3 $11 f6 58. Re3 Kf5
59. Rxe6 Kxe6 60. Ke4 f5+ 61. Kd4 g4 62. hxg4 fxg4 63. Ke4 h3 64. gxh3 gxh3 65.
Kf3 b5 66. Kg3 Kd5 67. Kxh3 Ke4 68. Kg4 Kd3 69. f4 b4 70. axb4 axb4 71. f5 Kc2
72. f6 Kxb2 73. f7 b3 74. f8=Q Kc1 75. Qc5+ Kd2 76. Qb4+ Kc2 77. Qc4+ Kb2 78.
Kf3 Ka1 $11 79. Qa4+ Kb2 80. Ke3 Kc3 81. Qd4+ Kc2 82. Qc4+ Kb2 83. Kd2 Ka1 84.
Qc1+ Ka2 85. Kc3 1-0

[Event "4NCL Division 4 South"]
[Site "Daventry, ENG"]
[Date "2019.02.10"]
[Round "6.135"]
[White "Sheikh, Anum"]
[Black "Carter, Rebecca"]
[Result "1/2-1/2"]
[WhiteElo "1573"]
[BlackElo "1622"]
[PlyCount "85"]
[EventDate "2019.02.10"]
[WhiteTeam "Rook & Roll"]
[BlackTeam "Barnet Knights 2"]

1. e4 e5 2. Nf3 Nf6 3. Nxe5 d6 4. Nf3 Nxe4 5. Nc3 Nxc3 6. dxc3 Be7 7. Be3 Be6
8. Qd2 Nc6 9. Nd4 Bd7 10. Be2 Ne5 11. h3 c6 12. c4 Bf6 13. O-O-O Qc7 14. f4 Ng6
15. Bf3 O-O-O 16. g3 Ne7 17. Qf2 Be6 18. Nxe6 fxe6 19. g4 g6 20. Rhe1 b6 21.
Bd4 e5 22. fxe5 Bxe5 23. Bxe5 dxe5 24. Qe3 Rxd1+ 25. Bxd1 c5 26. Qxe5 Qxe5 27.
Rxe5 Nc6 28. Re3 Rf8 29. c3 Rf2 30. Be2 Rh2 31. b3 Kd7 32. a3 g5 33. Bd3 h6 34.
Bf5+ Kc7 35. Kb1 Na5 36. Bc2 Nc6 37. Kb2 Kd6 38. Kc1 Rh1+ 39. Kb2 Rh2 40. Kb1
Rh1+ 41. Ka2 Rh2 42. Kb2 Ne5 43. Kc1 1/2-1/2

[Event "4NCL Division 4 South"]
[Site "Daventry, ENG"]
[Date "2019.02.10"]
[Round "6.136"]
[White "Sanfey, Gregor"]
[Black "Kilcline, Declan A"]
[Result "1/2-1/2"]
[WhiteElo "1585"]
[BlackElo "1400"]
[PlyCount "120"]
[EventDate "2019.02.10"]
[WhiteTeam "Barnet Knights 2"]
[BlackTeam "Rook & Roll"]

1. e4 e6 2. Nf3 d5 3. Nc3 Nf6 4. exd5 exd5 5. g3 Bg4 6. Bg2 c6 7. O-O Be7 8. d3
O-O 9. Ne2 Nbd7 10. h3 Bxf3 11. Bxf3 Ne5 12. Bg2 Qd7 13. f4 Ng6 14. f5 Ne5 15.
d4 Nc4 16. b3 Na3 17. g4 h6 18. Ng3 Bd6 19. Bxa3 Bxa3 20. h4 Ne4 21. Bxe4 dxe4
22. g5 Bb2 23. Rb1 Qxd4+ 24. Qxd4 Bxd4+ 25. Kg2 Rfe8 26. f6 gxf6 27. Nf5 Bc3
28. Nxh6+ Kg7 29. Rbd1 Rad8 30. Nf5+ Kh7 31. gxf6 Rg8+ 32. Kh3 Rxd1 33. Rxd1
Bxf6 34. Rd7 Rg1 35. Kh2 Re1 36. h5 Be5+ 37. Kg2 Re2+ 38. Kf1 Rxc2 39. Rxf7+
Kg8 40. Re7 Bb2 41. Rxe4 Rc5 42. Ne7+ Kf7 43. Nc8 Rf5+ 44. Ke2 $11 Re5 45. Kf3
Rxe4 46. Kxe4 Ke6 47. Nxa7 Kd7 48. b4 b5 49. Nxb5 cxb5 50. Kd5 Ke7 51. Kc5 Kf6
52. Kxb5 Ba3 53. Ka4 Bc1 54. Kb3 Kg5 55. a4 Kxh5 56. a5 Be3 57. b5 Kg5 58. b6
Kf6 59. Kb4 Ke7 60. a6 Bxb6 1/2-1/2

[Event "4NCL Division 4 South"]
[Site "Daventry, ENG"]
[Date "2019.02.10"]
[Round "6.141"]
[White "Eckert, Jonathan"]
[Black "Eedle, Eric F"]
[Result "1-0"]
[WhiteElo "1680"]
[BlackElo "1570"]
[PlyCount "57"]
[EventDate "2019.02.10"]
[WhiteTeam "West is Best 4"]
[BlackTeam "Barnet Knights 3"]

1. e4 e6 2. d3 d5 3. Nd2 Nf6 4. Ngf3 c5 5. g3 Nc6 6. Bg2 Be7 7. O-O O-O 8. e5
Nd7 9. Re1 Qc7 10. Qe2 Re8 11. Nf1 Bf8 12. Bf4 b5 13. h4 h5 14. c4 bxc4 15.
dxc4 d4 16. Ng5 g6 17. g4 hxg4 18. Qxg4 Bg7 19. Bxc6 Qxc6 20. h5 Bb7 21. Ne4
Nxe5 22. Bxe5 Bxe5 23. hxg6 f5 24. Qh3 Re7 25. Ng5 Bf6 26. Rxe6 Qg2+ 27. Qxg2
Bxg2 28. Rxf6 Bxf1 29. Kxf1 1-0

[Event "4NCL Division 4 South"]
[Site "Daventry, ENG"]
[Date "2019.02.10"]
[Round "6.142"]
[White "Carter, Gavin"]
[Black "Di-Vetta, Andrew"]
[Result "0-1"]
[WhiteElo "1488"]
[BlackElo "1731"]
[PlyCount "114"]
[EventDate "2019.02.10"]
[WhiteTeam "Barnet Knights 3"]
[BlackTeam "West is Best 4"]

1. c4 c5 2. Nc3 Nc6 3. g3 g6 4. Bg2 Bg7 5. Nf3 e6 6. O-O Nge7 7. d3 d6 8. Bg5
h6 9. Bf4 g5 10. Be3 Nf5 11. Qc2 g4 12. Nd2 a6 13. Nde4 Ncd4 14. Qd2 Rb8 15.
Bf4 e5 16. Be3 Be6 17. f4 Nxe3 18. fxe5 Nxf1 19. Rxf1 Bxe5 20. Nd5 Bxd5 21.
cxd5 f5 22. Nc3 Qg5 23. e3 Nf3+ 24. Bxf3 gxf3 25. Rxf3 Kd7 26. Kg2 b5 27. h4
Qh5 28. d4 cxd4 29. exd4 Bg7 30. Ne2 Qe8 31. Qc2 Rc8 32. Qxf5+ Kc7 33. Qc2+ Kb8
34. Qd3 Rc7 35. b3 Rf8 36. Nf4 Qe1 37. Rf1 Qc3 38. Qxc3 Rxc3 39. Ne6 Rxf1 40.
Kxf1 Bf6 41. h5 Rc2 42. a4 b4 43. a5 Rc3 44. Nf8 Bxd4 45. Ke2 Rxb3 46. g4 Rg3
47. g5 Rxg5 48. Ne6 Rxd5 49. Nxd4 Rxd4 50. Ke3 Rc4 51. Kd3 d5 52. Kd2 b3 53.
Kd3 b2 54. Kd2 b1=Q 55. Ke3 Qb3+ 56. Kd2 Rc2+ 57. Kd1 Qb1# 0-1

[Event "4NCL Division 4 South"]
[Site "Daventry, ENG"]
[Date "2019.02.10"]
[Round "6.143"]
[White "Davies, Merlin"]
[Black "Barnett-Harris, Lucas"]
[Result "1-0"]
[WhiteElo "1558"]
[BlackElo "1525"]
[PlyCount "69"]
[EventDate "2019.02.10"]
[WhiteTeam "West is Best 4"]
[BlackTeam "Barnet Knights 3"]

1. e4 c5 2. d4 cxd4 3. c3 Nc6 4. cxd4 Nf6 5. d5 Ne5 6. Nc3 d6 7. Bf4 Ned7 8.
Nf3 g6 9. Bb5 Bg7 10. O-O O-O 11. h3 a6 12. Ba4 Nc5 13. Bc2 Qc7 14. e5 Nh5 15.
exd6 exd6 16. Be3 b6 17. Bd4 Nf6 18. Rc1 Bb7 19. b4 Ncd7 20. Ba4 Qd8 21. Bxd7
Nxd7 22. Bxg7 Kxg7 23. Ne4 Ne5 24. Qd4 f6 25. Nfd2 b5 26. f4 Nf7 27. Ng5 Bc8
28. Rxc8 Qxc8 29. Ne6+ Kh6 30. Qxf6 Qb8 31. Qg7+ Kh5 32. Qxh7+ Nh6 33. g4+ Kh4
34. Qxh6+ Kg3 35. Rf3# 1-0

[Event "4NCL Division 4 South"]
[Site "Daventry, ENG"]
[Date "2019.02.10"]
[Round "6.144"]
[White "Farahi-Far, Arman"]
[Black "Fowler, Caspian"]
[Result "0-1"]
[WhiteElo "1525"]
[BlackElo "1470"]
[PlyCount "116"]
[EventDate "2019.02.10"]
[WhiteTeam "Barnet Knights 3"]
[BlackTeam "West is Best 4"]

1. d4 Nf6 2. Nf3 g6 3. g3 Bg7 4. Bg2 O-O 5. c4 c5 6. O-O Nc6 7. Be3 Qa5 8. Qc2
Ng4 9. Bd2 Qb6 10. Qb3 Qxb3 11. axb3 Bxd4 12. Bc3 Bxc3 13. Nxc3 d6 14. Nd5 Bd7
15. Bh3 Kg7 16. Nd2 Nf6 17. Bxd7 Nxd7 18. Ne4 Nd4 19. e3 Nc6 20. f4 Nb6 21.
Nxb6 axb6 22. Nc3 Na5 23. Ra3 e6 24. e4 f5 25. Nb5 Rad8 26. e5 dxe5 27. fxe5
Rd3 28. Nc3 Rfd8 29. Re1 Rd2 30. Rb1 Rc2 31. Nd1 Rdd2 32. Ne3 Rxb2 33. Rxb2
Rxb2 34. Kf1 Rxb3 35. Rxb3 Nxb3 36. Ke1 Nd4 37. Kf2 Nc6 38. Ke2 Nxe5 39. h4 Kf6
40. Kf2 Ng4+ 41. Nxg4+ fxg4 42. Ke2 h5 43. Kd3 g5 44. Ke4 gxh4 45. gxh4 b5 46.
cxb5 b6 47. Kf4 c4 48. Ke3 c3 49. Kd3 g3 50. Kxc3 g2 51. Kd3 g1=Q 52. Ke2 Qg3
53. Kf1 Qh2 54. Ke1 Kf5 55. Kd1 Ke4 56. Kc1 Kd3 57. Kb1 Kc3 58. Ka1 Qb2# 0-1

[Event "4NCL Division 4 South"]
[Site "Daventry, ENG"]
[Date "2019.02.10"]
[Round "6.145"]
[White "McIntosh, Rachel"]
[Black "Farahi-Far, Mohammad"]
[Result "1-0"]
[WhiteElo "1501"]
[BlackElo "1420"]
[PlyCount "69"]
[EventDate "2019.02.10"]
[WhiteTeam "West is Best 4"]
[BlackTeam "Barnet Knights 3"]

1. e4 c5 2. Nc3 Nc6 3. f4 e6 4. Bc4 g6 5. Nf3 Bg7 6. d3 Nge7 7. O-O O-O 8. Qe1
d5 9. Bb3 a6 10. a4 Rb8 11. f5 d4 12. Ne2 exf5 13. Qh4 h5 14. Bg5 Be6 15. exf5
Bxb3 16. cxb3 f6 17. fxg6 fxg5 18. Qxh5 Nxg6 19. Qxg6 Qf6 20. Qxg5 Qxg5 21.
Nxg5 Ne5 22. Nf4 Bh6 23. Nge6 Rf6 24. g3 b6 25. Rae1 Bxf4 26. Nxf4 Re8 27. Kg2
Kf7 28. Rf2 Rf5 29. h3 Kf6 30. Nd5+ Kg6 31. Rxf5 Kxf5 32. Rf1+ Ke6 33. Nc7+ Kd7
34. Nxe8 Kxe8 35. Re1 1-0

[Event "4NCL Division 4 South"]
[Site "Daventry, ENG"]
[Date "2019.02.10"]
[Round "6.146"]
[White "Ford, Conor"]
[Black "McIntosh, David"]
[Result "0-1"]
[WhiteElo "1450"]
[BlackElo "1462"]
[PlyCount "78"]
[EventDate "2019.02.10"]
[WhiteTeam "Barnet Knights 3"]
[BlackTeam "West is Best 4"]

1. d4 d5 2. e3 e6 3. Bd3 c5 4. c3 Nc6 5. f4 Nf6 6. Nd2 c4 7. Bc2 b5 8. Ngf3 a5
9. O-O h5 10. Ne5 Nxe5 11. fxe5 Ng4 12. Qf3 f5 13. exf6 Nxf6 14. Bg6+ Kd7 15.
e4 Kc6 16. exd5+ exd5 17. Bf5 Bxf5 18. Qxf5 Qd7 19. Qf2 Bd6 20. Nf3 Qc7 21.
Ne5+ Bxe5 22. dxe5 Qxe5 23. Bf4 Qe6 24. Rae1 Ne4 25. Qd4 Qd7 26. Be3 Qc7 27.
Bf4 Qa7 28. Be5 Qxd4+ 29. Bxd4 Rhg8 30. Rf5 g6 31. Re5 Kd6 32. g3 b4 33. Kg2
bxc3 34. bxc3 Rab8 35. Re2 a4 36. Kh3 a3 37. Re1 Rb2 38. Ra1 Rc2 39. Kh4 Rxh2#
0-1

[Event "4NCL Division 4 South"]
[Site "Daventry, ENG"]
[Date "2019.02.10"]
[Round "6.151"]
[White "Usharovsky, Ron"]
[Black "Pack, James"]
[Result "0-1"]
[WhiteElo "1802"]
[BlackElo "1862"]
[PlyCount "72"]
[EventDate "2019.02.10"]
[WhiteTeam "Check Innmates 3"]
[BlackTeam "Iceni 3"]

1. e4 d6 2. d4 Nf6 3. Nc3 Nbd7 4. Nf3 e5 5. dxe5 dxe5 6. Bc4 Be7 7. b3 c6 8.
Bb2 b5 9. Bd3 Qc7 10. O-O O-O 11. Qe2 Re8 12. Rad1 Bc5 13. a4 a6 14. Rd2 Bb4
15. Ra1 Nf8 16. axb5 Bxc3 17. Bxc3 cxb5 18. Bb4 Bb7 19. Nh4 Ne6 20. Nf5 Nc5 21.
f3 g6 22. Qe3 Nxd3 23. Qh6 Qb6+ 24. Kh1 gxf5 25. Rxd3 Re6 26. Ba5 Qc5 27. Rad1
fxe4 28. fxe4 Nxe4 29. Rd8+ Re8 30. Rxe8+ Rxe8 31. Be1 Nf2+ 32. Bxf2 Qxf2 33.
Qg5+ Kh8 34. Rg1 Rg8 35. Qxe5+ f6 36. Qe7 Bxg2+ 0-1

[Event "4NCL Division 4 South"]
[Site "Daventry, ENG"]
[Date "2019.02.10"]
[Round "6.152"]
[White "Carter, Dominic A"]
[Black "O'Byrne, Daniel"]
[Result "0-1"]
[WhiteElo "1658"]
[BlackElo "1742"]
[PlyCount "112"]
[EventDate "2019.02.10"]
[WhiteTeam "Iceni 3"]
[BlackTeam "Check Innmates 3"]

1. e4 c5 2. Nf3 e6 3. d4 cxd4 4. Nxd4 Bc5 5. Nb3 Bb6 6. Be2 Qh4 7. O-O Qxe4 8.
Bf3 Qh4 9. g3 Qf6 10. Nc3 Nc6 11. Ne4 Qe7 12. Nd6+ Kf8 13. Re1 Nf6 14. Bf4 Qd8
15. Qd2 h6 16. h4 Bc7 17. Rad1 Ne8 18. Nc5 Bxd6 19. Bxd6+ Nxd6 20. Qxd6+ Kg8
21. Re3 Qf6 22. c3 g5 23. h5 Kg7 24. Nd3 Ne7 25. Be4 Nf5 26. Bxf5 Qxf5 27. Qd4+
Qf6 28. Qd6 Re8 29. Ne5 Qe7 30. Nxd7 Bxd7 31. Qxd7 Rad8 32. Qa4 Rxd1+ 33. Qxd1
Rd8 34. Rd3 Rxd3 35. Qxd3 b6 36. Qd4+ e5 37. Qe4 a6 38. Kg2 Qd6 39. g4 a5 40.
c4 Qc5 41. Qd5 Qxd5+ 42. cxd5 e4 43. f3 e3 44. d6 Kf6 45. d7 Ke7 46. d8=Q+ Kxd8
47. Kf1 Kd7 48. Ke2 Ke6 49. Kxe3 Ke5 50. a4 f6 51. b3 f5 52. gxf5 Kxf5 53. Kd4
Kf4 54. Kc4 Kxf3 55. Kb5 g4 56. Kxb6 g3 0-1

[Event "4NCL Division 4 South"]
[Site "Daventry, ENG"]
[Date "2019.02.10"]
[Round "6.153"]
[White "Usharovsky, Tom"]
[Black "Collicott, Peter J"]
[Result "1-0"]
[WhiteElo "1712"]
[BlackElo "1657"]
[PlyCount "61"]
[EventDate "2019.02.10"]
[WhiteTeam "Check Innmates 3"]
[BlackTeam "Iceni 3"]

1. c4 e6 2. Nc3 Nf6 3. g3 d5 4. cxd5 Nxd5 5. Bg2 Nb6 6. Qc2 Bd7 7. Bxb7 Bc6 8.
Bxa8 Bxa8 9. Nf3 Be7 10. O-O O-O 11. b3 N8d7 12. Bb2 a6 13. Rac1 Nf6 14. d3
Nbd5 15. Nxd5 Nxd5 16. a3 c5 17. Rfd1 f5 18. Qc4 Qc8 19. d4 Nb6 20. Qc3 Nd5 21.
Qd3 f4 22. dxc5 fxg3 23. hxg3 e5 24. Bxe5 Qg4 25. Qc4 Qe6 26. Rd3 Kh8 27. e4
Rxf3 28. Rxf3 Qxe5 29. exd5 Bxd5 30. Qf4 Bxf3 31. Qxe5 1-0

[Event "4NCL Division 4 South"]
[Site "Daventry, ENG"]
[Date "2019.02.10"]
[Round "6.154"]
[White "Balakrishnan, Kathirvel"]
[Black "Morris, Richard"]
[Result "0-1"]
[WhiteElo "1578"]
[BlackElo "1705"]
[PlyCount "86"]
[EventDate "2019.02.10"]
[WhiteTeam "Iceni 3"]
[BlackTeam "Check Innmates 3"]

1. d4 Nf6 2. e3 g6 3. Bd3 Bg7 4. Nf3 d6 5. Nbd2 Nc6 6. c3 O-O 7. O-O e5 8. h3
Qe7 9. Qc2 Be6 10. e4 Bd7 11. Re1 Nh5 12. dxe5 dxe5 13. Nf1 Kh8 14. Ng3 Nf4 15.
Bf1 h5 16. Kh2 h4 17. Ne2 g5 18. Nxg5 Ne6 19. Nxe6 Bxe6 20. Ng1 Rg8 21. Qe2
Rgf8 22. Qh5+ Kg8 23. Nf3 Qf6 24. Bg5 Qg6 25. Qxh4 f6 26. Be3 Kf7 27. Bd3 Rh8
28. Qg3 Qh7 29. Ng1 Rag8 30. b3 Bf8 31. Qf3 Bg4 32. Bc4+ Be6 33. Bxe6+ Kxe6 34.
Rad1 b6 35. Ne2 Bd6 36. Ng3 Ne7 37. Qe2 Ng6 38. Qg4+ Kf7 39. Qd7+ Be7 40. Qd5+
Ke8 41. Nf5 Nf4 42. Qd7+ Kf8 43. Qxe7+ Qxe7 0-1

[Event "4NCL Division 4 South"]
[Site "Daventry, ENG"]
[Date "2019.02.10"]
[Round "6.155"]
[White "Snook-Lumb, Chris"]
[Black "Rowles, Sarah"]
[Result "1-0"]
[WhiteElo "1720"]
[BlackElo "1464"]
[PlyCount "57"]
[EventDate "2019.02.10"]
[WhiteTeam "Check Innmates 3"]
[BlackTeam "Iceni 3"]

1. c4 g6 2. g3 Bg7 3. Bg2 d6 4. Nc3 e5 5. d3 Nc6 6. e4 Nf6 7. Nge2 O-O 8. O-O
a6 9. f4 Bg4 10. f5 Nd4 11. h3 Bxe2 12. Nxe2 Nh5 13. Nxd4 exd4 14. g4 Ng3 15.
Rf3 Qh4 16. Bf4 Be5 17. Bxe5 dxe5 18. Qe1 Nxf5 19. gxf5 Qh5 20. Qf2 Kh8 21. Rf1
f6 22. fxg6 Qxg6 23. Rxf6 Rxf6 24. Qxf6+ Qxf6 25. Rxf6 Rg8 26. Kf2 Kg7 27. Re6
Rf8+ 28. Bf3 c6 29. Rxe5 1-0

[Event "4NCL Division 4 South"]
[Site "Daventry, ENG"]
[Date "2019.02.10"]
[Round "6.156"]
[White "Ryan, John"]
[Black "Cook, Brian"]
[Result "1/2-1/2"]
[WhiteElo "1419"]
[BlackElo "1608"]
[PlyCount "39"]
[EventDate "2019.02.10"]
[WhiteTeam "Iceni 3"]
[BlackTeam "Check Innmates 3"]

1. d4 e6 2. Nf3 f5 3. Bg5 Nf6 4. e3 Be7 5. Bd3 O-O 6. O-O b6 7. Nbd2 Bb7 8. c3
Qe8 9. Bxf6 Rxf6 10. e4 Qh5 11. exf5 exf5 12. Ne5 Qxd1 13. Raxd1 d6 14. Nef3
Rf8 15. Rfe1 Bd8 16. Bc4+ Kh8 17. Be6 g6 18. d5 a5 19. Re2 Na6 20. Nd4 1/2-1/2

[Event "4NCL Division 4 South"]
[Site "Daventry, ENG"]
[Date "2019.02.10"]
[Round "6.161"]
[White "Krawczuk, Michael J"]
[Black "Phillips, William"]
[Result "1/2-1/2"]
[WhiteElo "1828"]
[BlackElo "1849"]
[PlyCount "34"]
[EventDate "2019.02.10"]
[WhiteTeam "Wessex C"]
[BlackTeam "Cambridge University 3"]

1. e4 e5 2. Nf3 Nc6 3. d4 exd4 4. Nxd4 Bc5 5. Be3 Qf6 6. c3 Nge7 7. Bc4 Ne5 8.
Be2 Qg6 9. O-O O-O 10. Nd2 d5 11. Nf5 Nxf5 12. Bxc5 Nd6 13. f4 Nd7 14. Bxd6
Qxd6 15. exd5 Qxd5 16. b4 Nf6 17. Nb3 Bf5 1/2-1/2

[Event "4NCL Division 4 South"]
[Site "Daventry, ENG"]
[Date "2019.02.10"]
[Round "6.162"]
[White "Patel, Rishi"]
[Black "Smith, Steven J"]
[Result "1-0"]
[WhiteElo "1831"]
[BlackElo "1662"]
[PlyCount "61"]
[EventDate "2019.02.10"]
[WhiteTeam "Cambridge University 3"]
[BlackTeam "Wessex C"]

1. e4 e6 2. d4 d5 3. Nd2 Nf6 4. e5 Nfd7 5. Ne2 c5 6. c3 Nc6 7. f4 cxd4 8. Nxd4
Qb6 9. N2f3 Bc5 10. Rb1 O-O 11. Be3 a6 12. b4 Bxd4 13. Nxd4 Nxd4 14. Bxd4 Qc7
15. Bd3 f5 16. exf6 Nxf6 17. O-O Bd7 18. Be5 Qb6+ 19. Kh1 Bb5 20. Rf3 Bxd3 21.
Qxd3 Ne4 22. Rbf1 Qc6 23. f5 Rxf5 24. Rxf5 exf5 25. Rxf5 Rf8 $11 26. Rxf8+ Kxf8
27. Bd4 Qc4 28. Qf3+ Kg8 29. Qf5 Nxc3 30. Qe6+ Kf8 31. Bc5+ 1-0

[Event "4NCL Division 4 South"]
[Site "Daventry, ENG"]
[Date "2019.02.10"]
[Round "6.163"]
[White "Deacon, David J"]
[Black "Breed, Greg J"]
[Result "1/2-1/2"]
[WhiteElo "1601"]
[BlackElo "1767"]
[PlyCount "32"]
[EventDate "2019.02.10"]
[WhiteTeam "Wessex C"]
[BlackTeam "Cambridge University 3"]

1. d4 d5 2. c4 e6 3. g3 Nf6 4. Bg2 c6 5. Nf3 Nbd7 6. O-O Be7 7. Qc2 O-O 8. Nbd2
b6 9. Re1 Bb7 10. e4 dxe4 11. Nxe4 Nxe4 12. Qxe4 Nf6 13. Qe2 Re8 14. h3 c5 15.
dxc5 Bxc5 16. Be3 Bxe3 1/2-1/2

[Event "4NCL Division 4 South"]
[Site "Daventry, ENG"]
[Date "2019.02.10"]
[Round "6.164"]
[White "Dhemrait, Surjit S"]
[Black "Deacon, Matthew"]
[Result "1-0"]
[WhiteElo "1550"]
[BlackElo "1495"]
[PlyCount "65"]
[EventDate "2019.02.10"]
[WhiteTeam "Cambridge University 3"]
[BlackTeam "Wessex C"]

1. e4 c5 2. f4 Nc6 3. Nf3 e6 4. Nc3 Bd6 5. d3 a6 6. Be2 Nge7 7. O-O O-O 8. Qe1
b5 9. Ng5 Nd4 10. Bd1 Bb7 11. Ne2 Ndc6 12. Qh4 h6 13. Nf3 Ng6 14. Qh3 Qc7 15.
Nh4 Nxh4 16. Qxh4 Qd8 17. Qh3 f5 18. Ng3 Ne7 19. Bf3 fxe4 20. Bxe4 Bxe4 21.
dxe4 c4 22. Be3 Qc7 23. Ne2 Bc5 24. Bxc5 Qxc5+ 25. Kh1 Qc6 26. Ng3 d5 27. Rae1
Rae8 28. e5 Qd7 29. c3 Ng6 30. f5 exf5 31. Nxf5 Qe6 32. Qg4 Qf7 33. Nxh6+ 1-0